[Event "English Schools Championship Final 2024"]
[Site "Nottingham University Kings Meadow Campus, United Kingdom"]
[Date "2024.06.27"]
[Round "1.71"]
[White "Wilkinson, Hugo"]
[Black "Abdelalim, Hussien"]
[Result "1/2-1/2"]
[TimeControl "G50' + 10\" per move."]
[WhiteElo "1553"]
[BlackElo "1336"]

1. e4 {[%clk 00:50:17]} {[%emt 00:00:03]} c6 {[%clk 00:50:09]} {[%emt
00:00:10]} 2. d4 {[%clk 00:50:18]} {[%emt 00:00:10]} d5 {[%clk 00:50:12]}
{[%emt 00:00:07]} 3. e5 {[%clk 00:50:18]} {[%emt 00:00:10]} Bf5 {[%clk
00:49:52]} {[%emt 00:00:29]} 4. Nf3 {[%clk 00:50:03]} {[%emt 00:00:26]} e6
{[%clk 00:49:44]} {[%emt 00:00:18]} 5. c4 {[%clk 00:49:46]} {[%emt 00:00:27]}
Bb4+ {[%clk 00:49:10]} {[%emt 00:00:44]} 6. Bd2 {[%clk 00:49:21]} {[%emt
00:00:35]} Bxd2+ {[%clk 00:48:59]} {[%emt 00:00:19]} 7. Nbxd2 {[%clk 00:49:13]}
{[%emt 00:00:17]} Nd7 {[%clk 00:48:49]} {[%emt 00:00:23]} 8. Be2 {[%clk
00:48:06]} {[%emt 00:01:16]} Ne7 {[%clk 00:48:25]} {[%emt 00:00:34]} 9. Nh4
{[%clk 00:46:36]} {[%emt 00:01:40]} Qb6 {[%clk 00:47:57]} {[%emt 00:00:39]} 10.
Nxf5 {[%clk 00:46:00]} {[%emt 00:00:44]} Nxf5 {[%clk 00:47:32]} {[%emt
00:00:35]} 11. Nb3 {[%clk 00:45:23]} {[%emt 00:00:48]} a5 {[%clk 00:42:46]}
{[%emt 00:04:56]} 12. cxd5 {[%clk 00:42:16]} {[%emt 00:03:16]} cxd5 {[%clk
00:42:01]} {[%emt 00:00:57]} 13. Bg4 {[%clk 00:39:44]} {[%emt 00:02:41]} a4
{[%clk 00:36:03]} {[%emt 00:06:08]} 14. Bxf5 {[%clk 00:38:18]} {[%emt
00:01:34]} axb3 {[%clk 00:35:09]} {[%emt 00:01:06]} 15. Bg4 {[%clk 00:35:50]}
{[%emt 00:02:38]} bxa2 {[%clk 00:34:14]} {[%emt 00:01:04]} 16. O-O {[%clk
00:35:03]} {[%emt 00:00:58]} O-O {[%clk 00:31:32]} {[%emt 00:00:21]} 17. Re1
{[%clk 00:34:36]} {[%emt 00:03:07]} Rfc8 {[%clk 00:29:45]} {[%emt 00:01:57]} 18.
Re2 {[%clk 00:32:25]} {[%emt 00:02:21]} Rc4 {[%clk 00:27:29]} {[%emt 00:02:26]}
19. Rd2 {[%clk 00:31:17]} {[%emt 00:01:18]} Qa7 {[%clk 00:22:34]} {[%emt
00:05:06]} 20. Be2 {[%clk 00:29:25]} {[%emt 00:02:02]} Rb4 {[%clk 00:21:08]}
{[%emt 00:01:36]} 21. b3 {[%clk 00:20:34]} {[%emt 00:09:01]} Nb8 {[%clk
00:15:40]} {[%emt 00:05:37]} 22. Qc2 {[%clk 00:17:56]} {[%emt 00:02:48]} Nc6
{[%emt 00:01:36]} 23. Rxa2 {[%clk 00:15:15]} {[%emt 00:02:49]} Qxa2 {[%clk
00:13:48]} {[%emt 00:00:39]} 24. Qxa2 {[%clk 00:15:08]} {[%emt 00:00:15]} Rxa2
{[%clk 00:13:51]} {[%emt 00:00:09]} 25. Rxa2 {[%clk 00:15:06]} {[%emt
00:00:10]} g6 {[%clk 00:13:42]} {[%emt 00:00:22]} 26. Bd1 {[%clk 00:13:44]}
{[%emt 00:01:31]} Nxd4 {[%clk 00:13:28]} {[%emt 00:00:23]} 27. Ra4 {[%clk
00:13:23]} {[%emt 00:00:32]} Nc6 {[%clk 00:12:24]} {[%emt 00:01:14]} 28. Rxb4
{[%clk 00:12:37]} {[%emt 00:00:57]} Nxb4 {[%clk 00:12:15]} {[%emt 00:00:18]} 29.
f4 {[%clk 00:12:22]} {[%emt 00:00:26]} h5 {[%clk 00:11:45]} {[%emt 00:00:39]}
30. Kf2 {[%clk 00:12:20]} {[%emt 00:00:13]} b6 {[%clk 00:10:27]} {[%emt
00:01:19]} 31. Be2 {[%clk 00:12:00]} {[%emt 00:00:39]} Kf8 {[%clk 00:10:10]}
{[%emt 00:00:27]} 32. Bb5 {[%clk 00:11:34]} {[%emt 00:00:36]} Nc2 {[%clk
00:09:35]} {[%emt 00:00:45]} 33. Ba4 {[%clk 00:10:41]} {[%emt 00:01:02]} Ke7
{[%clk 00:08:56]} {[%emt 00:00:49]} 34. h3 {[%clk 00:07:34]} {[%emt 00:03:17]}
h4 {[%clk 00:06:36]} {[%emt 00:02:28]} 35. g4 {[%clk 00:06:34]} {[%emt
00:01:11]} hxg3+ {[%clk 00:05:17]} {[%emt 00:00:28]} 36. Kxg3 {[%clk 00:06:38]}
{[%emt 00:01:05]} Nd4 {[%clk 00:05:16]} {[%emt 00:00:13]} 37. b4 {[%clk
00:06:32]} {[%emt 00:00:16]} b5 {[%clk 00:05:02]} {[%emt 00:00:23]} 38. Bd1
{[%clk 00:06:24]} {[%emt 00:00:19]} f6 {[%clk 00:03:29]} {[%emt 00:01:43]} 39.
exf6+ {[%clk 00:05:58]} {[%emt 00:00:33]} Kxf6 {[%clk 00:03:32]} {[%emt
00:00:10]} 40. Kf2 {[%clk 00:05:46]} {[%emt 00:00:21]} Kf5 {[%clk 00:02:34]}
{[%emt 00:01:08]} 41. Ke3 {[%clk 00:05:43]} {[%emt 00:00:13]} e5 {[%clk
00:02:29]} {[%emt 00:00:16]} 42. fxe5 {[%clk 00:05:39]} {[%emt 00:00:13]} Kxe5
{[%clk 00:02:35]} {[%emt 00:00:05]} 43. h4 {[%clk 00:05:13]} {[%emt 00:00:36]}
Nf5+ {[%clk 00:02:41]} {[%emt 00:00:04]} 44. Kf2 {[%clk 00:04:54]} {[%emt
00:00:29]} Nxh4 {[%clk 00:02:47]} {[%emt 00:00:05]} 45. Be2 {[%clk 00:05:00]}
{[%emt 00:00:03]} Kd4 {[%clk 00:02:36]} {[%emt 00:00:21]} 46. Bxb5 {[%clk
00:05:00]} {[%emt 00:00:08]} Kc3 {[%clk 00:02:42]} {[%emt 00:00:06]} 47. Bc6
{[%clk 00:05:06]} {[%emt 00:00:04]} d4 {[%clk 00:02:34]} {[%emt 00:00:17]} 48.
b5 {[%clk 00:05:12]} {[%emt 00:00:04]} Nf5 {[%clk 00:02:40]} {[%emt 00:00:04]}
49. b6 {[%clk 00:05:16]} {[%emt 00:00:06]} Nd6 {[%clk 00:02:31]} {[%emt
00:00:20]} 50. Ke1 {[%clk 00:04:48]} {[%emt 00:00:39]} Kb4 {[%clk 00:02:02]}
{[%emt 00:00:39]} 51. b7 {[%clk 00:04:35]} {[%emt 00:00:23]} Nxb7 {[%clk
00:02:08]} {[%emt 00:00:04]} 52. Bxb7 {[%clk 00:04:42]} {[%emt 00:00:02]} Kc5
{[%clk 00:02:10]} {[%emt 00:00:08]} 53. Kd2 {[%clk 00:04:50]} {[%emt 00:00:03]}
Kd6 {[%emt 00:00:05]} 54. Be4 {[%clk 00:04:56]} g5 {[%clk 00:02:26]} {[%emt
00:00:02]} 55. Bf5 {[%clk 00:05:03]} {[%emt 00:00:02]} Ke5 {[%clk 00:02:33]}
{[%emt 00:00:03]} 56. Bg4 {[%clk 00:05:11]} {[%emt 00:00:02]} Ke4 {[%emt
00:00:20]} 57. Ke2 {[%clk 00:05:12]} Kf4 {[%clk 00:02:37]} {[%emt 00:00:05]} 58.
Bh3 {[%clk 00:05:12]} {[%emt 00:00:10]} Kg3 {[%clk 00:02:37]} {[%emt 00:00:10]}
59. Be6 {[%clk 00:05:11]} {[%emt 00:00:10]} Kf4 {[%clk 00:02:44]} {[%emt
00:00:03]} 60. Kd3 {[%clk 00:05:19]} {[%emt 00:00:02]} Ke5 {[%clk 00:02:51]}
{[%emt 00:00:03]} 61. Bg4 {[%clk 00:05:26]} {[%emt 00:00:02]} Kd5 {[%clk
00:02:59]} {[%emt 00:00:03]} 62. Bh3 {[%clk 00:05:33]} {[%emt 00:00:02]}
1/2-1/2

[Event "English Schools Championship Final 2024"]
[Site "Nottingham University Kings Meadow Campus, United Kingdom"]
[Date "2024.06.27"]
[Round "1.72"]
[White "Wood, Ethan"]
[Black "Fikhter, Valentine"]
[Result "1-0"]
[TimeControl "G50' + 10\" per move."]
[WhiteElo "943"]
[BlackElo "1436"]

1. d4 {[%clk 00:50:18]} Nf6 {[%clk 00:50:12]} {[%emt 00:00:09]} 2. Bf4 {[%clk
00:50:24]} {[%emt 00:00:05]} e6 {[%clk 00:50:00]} {[%emt 00:00:21]} 3. Nf3
{[%clk 00:50:22]} {[%emt 00:00:12]} d5 {[%clk 00:49:54]} {[%emt 00:00:16]} 4.
e3 {[%clk 00:50:25]} {[%emt 00:00:07]} c5 {[%clk 00:49:45]} {[%emt 00:00:19]} 5.
c3 {[%clk 00:50:16]} {[%emt 00:00:20]} Be7 {[%clk 00:49:24]} {[%emt 00:00:31]}
6. Nbd2 {[%clk 00:50:09]} {[%emt 00:00:16]} Nc6 {[%clk 00:48:56]} {[%emt
00:00:38]} 7. Be2 {[%clk 00:49:40]} {[%emt 00:00:39]} Qb6 {[%clk 00:48:14]}
{[%emt 00:00:52]} 8. Qb3 {[%clk 00:49:38]} {[%emt 00:00:13]} Qxb3 {[%clk
00:46:42]} {[%emt 00:01:42]} 9. axb3 {[%clk 00:49:10]} {[%emt 00:00:36]} O-O
{[%clk 00:45:45]} {[%emt 00:01:09]} 10. O-O {[%clk 00:49:14]} {[%emt 00:00:07]}
a6 {[%clk 00:44:18]} {[%emt 00:01:37]} 11. Ne5 {[%clk 00:48:22]} {[%emt
00:01:01]} cxd4 {[%clk 00:42:39]} {[%emt 00:01:49]} 12. exd4 {[%clk 00:47:36]}
{[%emt 00:00:55]} Nxe5 {[%clk 00:41:08]} {[%emt 00:01:43]} 13. Bxe5 {[%clk
00:47:11]} {[%emt 00:00:19]} Bd7 {[%clk 00:39:42]} {[%emt 00:01:51]} 14. b4
{[%clk 00:45:44]} {[%emt 00:01:37]} Bb5 {[%clk 00:37:22]} {[%emt 00:02:29]} 15.
Bxb5 {[%clk 00:45:12]} {[%emt 00:00:42]} axb5 {[%clk 00:37:13]} {[%emt
00:00:20]} 16. Nb3 {[%clk 00:44:59]} {[%emt 00:00:22]} Nd7 {[%clk 00:36:16]}
{[%emt 00:01:08]} 17. Bf4 {[%clk 00:43:07]} {[%emt 00:02:02]} Nb6 {[%clk
00:34:01]} {[%emt 00:02:25]} 18. Nc5 {[%clk 00:41:43]} {[%emt 00:01:33]} Nc4
{[%clk 00:31:15]} {[%emt 00:02:57]} 19. b3 {[%clk 00:41:04]} {[%emt 00:00:48]}
Bd6 {[%clk 00:28:25]} {[%emt 00:03:01]} 20. Bxd6 {[%clk 00:38:27]} {[%emt
00:02:46]} Nxd6 {[%clk 00:27:49]} {[%emt 00:00:47]} 21. f3 {[%clk 00:37:25]}
{[%emt 00:01:11]} Rac8 {[%clk 00:25:12]} {[%emt 00:02:47]} 22. Rfc1 {[%clk
00:35:42]} {[%emt 00:01:53]} b6 {[%clk 00:22:37]} {[%emt 00:02:45]} 23. Nd3
{[%clk 00:34:39]} {[%emt 00:01:12]} Rc6 {[%clk 00:21:21]} {[%emt 00:01:25]} 24.
Nf4 {[%clk 00:33:05]} {[%emt 00:01:45]} Re8 {[%clk 00:19:17]} {[%emt 00:02:14]}
25. Ne2 {[%clk 00:30:56]} {[%emt 00:02:19]} Rec8 {[%clk 00:17:39]} {[%emt
00:01:48]} 26. Ra6 {[%clk 00:29:39]} {[%emt 00:01:18]} Nf5 {[%clk 00:16:34]}
{[%emt 00:01:26]} 27. Kf2 {[%clk 00:27:40]} {[%emt 00:02:07]} h5 {[%clk
00:14:45]} {[%emt 00:01:59]} 28. Rca1 {[%clk 00:26:00]} {[%emt 00:01:49]} g5
{[%clk 00:13:36]} {[%emt 00:01:20]} 29. Ra7 {[%clk 00:25:11]} {[%emt 00:00:59]}
R8c7 {[%clk 00:12:26]} {[%emt 00:01:20]} 30. Ra8+ {[%clk 00:23:30]} {[%emt
00:01:51]} Rc8 {[%clk 00:11:07]} {[%emt 00:01:29]} 31. R1a6 {[%clk 00:21:46]}
{[%emt 00:01:36]} Rxa8 {[%clk 00:09:28]} {[%emt 00:02:07]} 32. Rxa8+ {[%emt
00:00:10]} Kg7 {[%clk 00:09:09]} {[%emt 00:00:26]} 33. Rb8 {[%clk 00:19:58]}
{[%emt 00:02:01]} Kf6 {[%clk 00:08:25]} {[%emt 00:00:54]} 34. g3 {[%clk
00:16:16]} {[%emt 00:03:53]} Nh6 {[%clk 00:07:09]} {[%emt 00:01:27]} 35. Ke3
{[%clk 00:14:29]} {[%emt 00:01:55]} Nf5+ {[%clk 00:06:28]} {[%emt 00:00:52]} 36.
Kd3 {[%clk 00:13:19]} {[%emt 00:01:20]} Nd6 {[%clk 00:05:42]} {[%emt 00:00:56]}
37. Nc1 {[%clk 00:12:01]} {[%emt 00:01:26]} Kf5 {[%clk 00:05:20]} {[%emt
00:00:34]} 38. Ne2 {[%clk 00:09:19]} {[%emt 00:02:51]} e5 {[%clk 00:04:50]}
{[%emt 00:00:41]} 39. dxe5 {[%clk 00:08:33]} {[%emt 00:00:53]} Kxe5 {[%clk
00:04:44]} {[%emt 00:00:19]} 40. Rh8 {[%clk 00:08:22]} {[%emt 00:00:20]} f6
{[%clk 00:03:55]} {[%emt 00:01:01]} 41. f4+ {[%clk 00:07:17]} {[%emt 00:01:13]}
gxf4 {[%clk 00:03:24]} {[%emt 00:00:41]} 42. gxf4+ {[%clk 00:07:10]} {[%emt
00:00:17]} Ke6 {[%clk 00:03:10]} {[%emt 00:00:25]} 43. Nd4+ {[%clk 00:07:10]}
{[%emt 00:00:09]} Kd7 {[%clk 00:02:38]} {[%emt 00:00:42]} 44. Rh7+ {[%clk
00:06:29]} {[%emt 00:00:51]} 1-0